Normal view
MARC view
Entry Personal Name
001 - CONTROL NUMBER
- control field: 82569
003 - CONTROL NUMBER IDENTIFIER
- control field: dpl
005 - DATE AND TIME OF LATEST TRANSACTION
- control field: 20250704104336.0
008 - FIXED-LENGTH DATA ELEMENTS
- fixed length control field: 250704|| aca||aabn | a|a d
040 ## - CATALOGING SOURCE
- Original cataloging agency: dpl
- Transcribing agency: dpl
100 ## - HEADING--PERSONAL NAME
- Personal name: Ramya,S. V
670 ## - SOURCE DATA FOUND
- Source citation: Work cat.: (dpl)55735: Ramya,S. V., One hundred four (104) advanced essays on current topics /, 2010
